00465 2200181 4500001002100000005001700021008004100038020001800079035002500097041000700122082001100129090001700140100003000157245002100187260004200208300001800250650001500268INLIS0000000000041420:yyyyMMddHHmmss180719||||||||| | ||| |||| || |  a979-511-118-3 a0010-031300000004142 aid0 a624.15 a624.15 HAR m0 aHary christady hardiyatmo00aMekanika tanah 2 aJakartabGramedia pustaka utamac1994 a2 jil ; 24 cm 0aILMU TANAH